| 000 | 01178nam a2200241 i 4500 | ||
|---|---|---|---|
| 001 | 163518 | ||
| 003 | ES-MaACL | ||
| 005 | 20251012063055.0 | ||
| 008 | 940301m18601861sp a |||| | spa d | ||
| 100 | 1 |
_aRico y Amat, Juan, _d1821-1870 _9131803 |
|
| 245 | 1 | 0 |
_aHistoria política y parlamentaria de España, (desde los tiempos primitivos hasta nuestros días) : _bescrita y dedicada a S.M. la Reina Doña Isabel II / _cpor D. Juan Rico y Amat. |
| 260 |
_aMadrid : _b[s.n.], _c1860-1861 ( _fImp. de las Escuelas Pías) |
||
| 300 |
_a3 v. (LV, 520 ; 576 ; 572 p.), 1 h. de lám ; _c24 cm. |
||
| 530 | _aDisponible en formato digital. | ||
| 599 | _aLa h. de lám. grab. lit.: "Antso Gómez. Litog. de Bachiller" retrato del autor. | ||
| 650 | 0 | 4 |
_aEspaña- _xPolítica y gobierno. _9223856 |
| 651 | 4 |
_aEspaña- _xPolítica y gobierno _98444 |
|
| 852 |
_aES-MaACL _jB-1213-15 _z- Enc. hol. |
||
| 856 |
_uhttps://archive.org/details/BRes081141 _zInternet Archive _z(v. 1) |
||
| 856 |
_uhttps://archive.org/details/BRes081142 _zInternet Archive _z(v. 2) |
||
| 856 |
_uhttps://archive.org/details/BRes081143 _zInternet Archive _z(v. 3) |
||
| 999 |
_c163518 _d163518 |
||